000 00291nam a22001337a 4500
008 180918b xxu||||| |||| 00| 0 eng d
020 _a9780312139117
041 _aeng
080 _a610
100 _a3
101 _aSHM
245 _aA pocket Style Manual
_cHackerD
942 _2udc
_cBK
999 _c47906
_d47906